000
00312nam a22001337a 4500
003
SGT
082
_a
340,SIN
100
_a
SINGH, GURU PRASANNA.
245
_a
PRINCILES OF STATUTORY INTERPRETATION
260
_a
NAGPUR
_b
WADHWA AND COMPANY
_c
1977
300
_a
840
650
_a
INTERPRETATION
942
_2
ddc
_c
BK
999
_c
10327
_d
10327